[Event "DVM U12 2017"]
[Site "Magdeburg GER"]
[Date "2017.12.27"]
[Round "1"]
[White "Beck, Felix"]
[Black "Theisen, Johannes"]
[Result "1/2-1/2"]
[Termination "normal"]
[Board "7.4"]
[WhiteElo "1409"]
[BlackElo "1177"]
[WhiteTeam "SF Nordost Berlin"]
[BlackTeam "Klub Kölner SF"]
[PlyCount "141"]
[WhiteFideId "16255364"]
[BlackFideId "16255526"]
[EventCountry "GER"]
[EventRounds "7"]
[EventType "team-swiss"]
[EventDate "2017.12.26"]

1. c4 e5 2. g3 Nf6 3. Bg2 Nc6 4. e3 d6 5. Nc3 Be6 6. d3 Qd7 7. Nf3 O-O-O 8. O-O
Bh3 9. a3 h6 10. b4 g5 11. Qa4 Bxg2 12. Kxg2 Kb8 13. Qb3 Qf5 14. e4 Qxf3+ 15.
Kxf3 Nd4+ 16. Kg2 Nxb3 17. Rb1 Nxc1 18. Rfxc1 h5 19. h3 Bh6 20. Rc2 Nd7 21. Nd5
Rde8 22. a4 c6 23. Nc3 Rhf8 24. b5 Rc8 25. bxc6 Rxc6 26. Nd5 Bg7 27. Rcb2 Nc5
28. Ne7 Ra6 29. Nf5 Bf6 30. Rb5 Bd8 31. Nxd6 Rxd6 32. Rxc5 Rxd3 33. Rcb5 b6 34.
Rxe5 Rd4 35. Rb4 a5 36. Rxa5 Rxe4 37. Rab5 f5 38. a5 Kb7 39. axb6 Rf6 40. c5
Rxb4 41. Rxb4 Re6 42. Rb5 Rc6 43. f3 Be7 44. g4 fxg4 45. fxg4 hxg4 46. hxg4
Bxc5 47. Kf3 Rf6+ 48. Kg2 Be3 49. Re5 Bf4 50. Rb5 Rxb6 51. Rd5 Rb2+ 52. Kf1 Kc6
53. Rf5 Rb3 54. Kf2 Rg3 55. Rf7 Rxg4 56. Rg7 Kd5 57. Kf3 Rg3+ 58. Kf2 Ke4 59.
Re7+ Kf5 60. Rf7+ Kg4 61. Rg7 Be5 62. Re7 Bd4+ 63. Kf1 Kf3 64. Rf7+ Ke3 65.
Re7+ Kd3 66. Rd7 g4 67. Rd6 Rf3+ 68. Kg2 Ke2 69. Rxd4 g3 70. Rg4 Rf2+ 71. Kxg3
1/2-1/2

[Event "DVM U12 2017"]
[Site "Magdeburg GER"]
[Date "2017.12.27"]
[Round "1"]
[White "Deutsch, Christoph"]
[Black "Kittel, Lennart"]
[Result "1/2-1/2"]
[Termination "normal"]
[Board "8.1"]
[WhiteElo "1832"]
[BlackElo "1116"]
[WhiteTeam "SK Gründau"]
[BlackTeam "SF 1876 Göppingen"]
[PlyCount "65"]
[WhiteFideId "16206878"]
[BlackFideId "16254171"]
[EventCountry "GER"]
[EventRounds "7"]
[EventType "team-swiss"]
[EventDate "2017.12.26"]

1. e4 c5 2. Nf3 a6 3. d4 cxd4 4. Nxd4 Nf6 5. Nc3 e5 6. Nf3 Nc6 7. a3 Bc5 8. Be2
O-O 9. O-O d6 10. Bg5 Be6 11. Qd2 Nd4 12. Rad1 Rc8 13. Be3 Nxf3+ 14. Bxf3 Bxe3
15. Qxe3 Qe7 16. Rd2 Rfd8 17. Rfd1 Rd7 18. Be2 h6 19. h3 Rcd8 20. Bf3 Kh8 21.
Qe2 Kg8 22. Bg4 Bxg4 23. hxg4 Qe6 24. f3 d5 25. exd5 Nxd5 26. Qc4 Nb6 27. Qxe6
fxe6 28. Rxd7 Rxd7 29. Rxd7 Nxd7 30. Ne4 Kf8 31. Kf2 Ke7 32. c4 b6 33. Ke3
1/2-1/2

[Event "DVM U12 2017"]
[Site "Magdeburg GER"]
[Date "2017.12.27"]
[Round "1"]
[White "Deutsch, Oliver"]
[Black "Cilo, Selimhan"]
[Result "0-1"]
[Termination "normal"]
[Board "8.3"]
[WhiteElo "1471"]
[BlackElo "1053"]
[WhiteTeam "SK Gründau"]
[BlackTeam "SF 1876 Göppingen"]
[PlyCount "98"]
[WhiteFideId "16206894"]
[BlackFideId "16246756"]
[EventCountry "GER"]
[EventRounds "7"]
[EventType "team-swiss"]
[EventDate "2017.12.26"]

1. e4 e5 2. Nf3 Nc6 3. Bc4 Nf6 4. d3 g6 5. Nc3 Bg7 6. Bg5 O-O 7. d4 exd4 8.
Nxd4 Re8 9. O-O d6 10. Re1 Qd7 11. Bb5 a6 12. Nd5 Nxe4 13. Qe2 Nxd4 14. Bxd7
Nxe2+ 15. Rxe2 Bxd7 16. Bh4 Rac8 17. Ne7+ Rxe7 18. Bxe7 Nc5 19. c3 Re8 20. Rae1
Nd3 21. Rd1 Nxb2 22. Rxb2 Rxe7 23. Rxb7 Ba4 24. Rc1 Bxc3 25. Rbb1 Ba5 26. h3
Kg7 27. Rb7 Re8 28. Ra7 Bb5 29. a4 Bb6 30. axb5 Bxa7 31. bxa6 c5 32. Rb1 Re7
33. Rd1 Rd7 34. Kf1 Kf6 35. Ke2 Ke5 36. Rd3 c4 37. Rd2 d5 38. Kd1 c3 39. Rd3 d4
40. Kc2 Rd6 41. Rg3 Rxa6 42. Rg5+ f5 43. Rg3 Ke4 44. Rf3 Ra2+ 45. Kb1 Rb2+ 46.
Kc1 d3 47. Re3+ Bxe3+ 48. Kd1 c2+ 49. Ke1 c1=Q# 0-1

[Event "DVM U12 2017"]
[Site "Magdeburg GER"]
[Date "2017.12.27"]
[Round "1"]
[White "Schedel, Loris"]
[Black "Bayer, Oliver"]
[Result "0-1"]
[Termination "normal"]
[Board "8.4"]
[WhiteElo "1040"]
[BlackElo "1497"]
[WhiteTeam "SF 1876 Göppingen"]
[BlackTeam "SK Gründau"]
[PlyCount "92"]
[WhiteFideId "16255542"]
[BlackFideId "16243978"]
[EventCountry "GER"]
[EventRounds "7"]
[EventType "team-swiss"]
[EventDate "2017.12.26"]

1. e4 e5 2. Nf3 Nc6 3. Bc4 Bc5 4. O-O Nf6 5. d3 d6 6. Nc3 Be6 7. Bxe6 fxe6 8.
h3 O-O 9. b3 d5 10. Bb2 Qd7 11. Ne2 Bd6 12. d4 Nxe4 13. dxe5 Bc5 14. Bd4 Bxd4
15. Nexd4 Nxd4 16. Qxd4 c5 17. Qa4 Qxa4 18. bxa4 Nc3 19. Ng5 Rae8 20. Kh1 h6
21. Nf3 Nxa4 22. Rab1 b6 23. a3 Nc3 24. Rb3 d4 25. Nd2 b5 26. Nb1 Nxb1 27.
Rbxb1 a6 28. f3 Rf5 29. Rfe1 Rd8 30. Red1 Rxe5 31. c3 c4 32. Rb4 a5 33. Rbb1 d3
34. Rb2 Re2 35. Rdd2 Rxd2 36. Rxd2 b4 37. axb4 axb4 38. cxb4 c3 39. Rd1 c2 40.
Rc1 d2 41. Rxc2 d1=Q+ 42. Kh2 Qxc2 43. b5 Rd2 44. b6 Rxg2+ 45. Kh1 Rh2+ 46. Kg1
Qg2# 0-1

[Event "DVM U12 2017"]
[Site "Magdeburg GER"]
[Date "2017.12.27"]
[Round "1"]
[White "Quinque, Pepe"]
[Black "Bloch, Daniel"]
[Result "0-1"]
[Termination "normal"]
[Board "9.1"]
[WhiteElo "992"]
[BlackElo "1435"]
[WhiteTeam "VfL Gräfenhainichen"]
[BlackTeam "SC Tarrasch 45 München"]
[PlyCount "90"]
[WhiteFideId "16255550"]
[BlackFideId "16229525"]
[EventCountry "GER"]
[EventRounds "7"]
[EventType "team-swiss"]
[EventDate "2017.12.26"]

1. e4 e5 2. Nf3 Nc6 3. d4 exd4 4. Bc4 Nf6 5. O-O Nxe4 6. Re1 d5 7. Bxd5 Qxd5 8.
Nc3 Qh5 9. Rxe4+ Be7 10. Bg5 dxc3 11. bxc3 Be6 12. Rb1 Bxg5 13. Nxg5 Qxg5 14.
Rxb7 Rd8 15. Qe2 Qc1+ 16. Qe1 Qxe1+ 17. Rxe1 Rd7 18. h3 O-O 19. Rbb1 Bxa2 20.
Rb2 Be6 21. Rf1 Rfd8 22. Rbb1 h6 23. Rbc1 Rd2 24. Rfe1 Bf5 25. c4 Bxc2 26. c5
Rd1 27. Rcxd1 Rxd1 28. Rxd1 Bxd1 29. Kf1 a5 30. Ke1 Bb3 31. Kd2 a4 32. Kc1 Nd4
33. Kb2 Nb5 34. c6 Kh7 35. g3 g5 36. f4 gxf4 37. gxf4 Kg6 38. Ka1 a3 39. h4 a2
40. h5+ Kxh5 41. f5 Nd4 42. Kb2 Nc2 43. Kxb3 a1=Q 44. Kxc2 Qa3 45. Kd2 Kg4 0-1

[Event "DVM U12 2017"]
[Site "Magdeburg GER"]
[Date "2017.12.27"]
[Round "1"]
[White "Popovici, Liviu-Daniel"]
[Black "Nguyen, Alex Tommi"]
[Result "1-0"]
[Termination "normal"]
[Board "9.2"]
[WhiteElo "1213"]
[BlackElo "981"]
[WhiteTeam "SC Tarrasch 45 München"]
[BlackTeam "VfL Gräfenhainichen"]
[PlyCount "87"]
[WhiteFideId "1253689"]
[BlackFideId "16255569"]
[EventCountry "GER"]
[EventRounds "7"]
[EventType "team-swiss"]
[EventDate "2017.12.26"]

1. e4 e5 2. Nf3 Nc6 3. Bc4 h6 4. Nc3 Nf6 5. d3 Bc5 6. Be3 Bd4 7. O-O O-O 8. Bb5
a6 9. Bxc6 dxc6 10. Bxd4 exd4 11. Ne2 c5 12. c3 Bg4 13. Ne5 Qd6 14. Nc4 Qd7 15.
cxd4 cxd4 16. Qd2 b5 17. Ne5 Qd6 18. Nxg4 Nxg4 19. g3 Rae8 20. Qf4 Qc5 21. Qxg4
f5 22. exf5 Rxf5 23. Rac1 Qe5 24. Rfe1 h5 25. Qe4 Qxe4 26. dxe4 Rxe4 27. Rcd1
Rfe5 28. Kf1 c5 29. b3 Rd5 30. Nc3 Rxe1+ 31. Kxe1 Rd7 32. Ne4 c4 33. bxc4 bxc4
34. Kd2 Kf7 35. Kc2 Rd5 36. f3 Ke6 37. f4 Kf5 38. Nc3 Rd6 39. h3 Ke6 40. Ne4
Rd8 41. Nc5+ Kf5 42. g4+ hxg4 43. hxg4+ Kxf4 44. Ne6+ 1-0

[Event "DVM U12 2017"]
[Site "Magdeburg GER"]
[Date "2017.12.27"]
[Round "1"]
[White "Mele, Alessandro"]
[Black "Mischke, Richard"]
[Result "1-0"]
[Termination "normal"]
[Board "9.4"]
[WhiteElo "1154"]
[BlackElo "926"]
[WhiteTeam "SC Tarrasch 45 München"]
[BlackTeam "VfL Gräfenhainichen"]
[PlyCount "93"]
[WhiteFideId "16227832"]
[BlackFideId "16255585"]
[EventCountry "GER"]
[EventRounds "7"]
[EventType "team-swiss"]
[EventDate "2017.12.26"]

1. e4 e5 2. Nf3 Nc6 3. Bb5 Nf6 4. d3 Be7 5. O-O O-O 6. Bxc6 dxc6 7. Nxe5 Bd6 8.
f4 Bxe5 9. fxe5 Qd4+ 10. Kh1 Qxe5 11. Nd2 Bg4 12. Nf3 Qc5 13. Qe2 Rfe8 14. Be3
Qb5 15. c3 c5 16. Qc2 c4 17. a4 Qa6 18. Rad1 cxd3 19. Rxd3 Nxe4 20. Nd4 Rad8
21. Rf4 Bh5 22. Bg1 Bg6 23. c4 Ng3+ 24. hxg3 Bxd3 25. Qxd3 c5 26. Qf5 cxd4 27.
Qxf7+ Kh8 28. Bxd4 Rg8 29. Rg4 Qh6+ 30. Rh4 Rdf8 31. Qxg8+ Rxg8 32. Rxh6 Rd8
33. Rh4 Kg8 34. Kg1 g5 35. Re4 a6 36. Kf2 Rf8+ 37. Ke2 h6 38. Re7 Rd8 39. Ke3
Kf8 40. Rxb7 Re8+ 41. Kf3 Re6 42. Rb6 Rxb6 43. Bxb6 Ke7 44. Ke4 Kd6 45. c5+ Kc6
46. b4 h5 47. Kf5 1-0

[Event "DVM U12 2017"]
[Site "Magdeburg GER"]
[Date "2017.12.27"]
[Round "2"]
[White "Weihrauch, Jakob"]
[Black "Hommer, Jeremy"]
[Result "1/2-1/2"]
[Termination "normal"]
[Board "1.1"]
[WhiteElo "2050"]
[BlackElo "1975"]
[WhiteClock "00:42:00"]
[BlackClock "00:45:56"]
[WhiteTeam "Hamburger SK"]
[BlackTeam "SC Turm Lüneburg"]
[PlyCount "52"]
[WhiteFideId "16210115"]
[BlackFideId "12992577"]
[EventCountry "GER"]
[EventRounds "7"]
[EventType "team-swiss"]
[EventDate "2017.12.26"]

1. e4 {[%clk 1:30:58]} c6 {[%clk 1:30:55]} 2. d4 {[%clk 1:31:23]} d5 {[%clk
1:31:18]} 3. Nc3 {[%clk 1:31:48]} dxe4 {[%clk 1:31:34]} 4. Nxe4 {[%clk
1:31:49]} Nf6 {[%clk 1:31:56]} 5. Nxf6+ {[%clk 1:31:51]} exf6 {[%clk 1:32:18]}
6. c3 {[%clk 1:32:08]} Bd6 {[%clk 1:32:23]} 7. Bd3 {[%clk 1:32:20]} O-O {[%clk
1:31:57]} 8. Qc2 {[%clk 1:32:45]} h6 {[%clk 1:31:42]} 9. Ne2 {[%clk 1:33:07]}
Re8 {[%clk 1:31:34]} 10. O-O {[%clk 1:33:21]} Qc7 {[%clk 1:29:34]} 11. Ng3
{[%clk 1:32:41]} Nd7 {[%clk 1:23:48]} 12. Be3 {[%clk 1:25:26]} Nf8 {[%clk
1:20:06]} 13. Rae1 {[%clk 1:21:43]} Bd7 {[%clk 1:17:03]} 14. Kh1 {[%clk
1:21:29]} Ne6 {[%clk 1:13:59]} 15. Nf5 {[%clk 1:18:37]} Bf4 {[%clk 1:12:46]}
16. g3 {[%clk 1:08:02]} Bxe3 {[%clk 1:12:36]} 17. Rxe3 {[%clk 1:06:46]} Nf8
{[%clk 1:08:17]} 18. Rfe1 {[%clk 1:01:46]} Rxe3 {[%clk 1:04:54]} 19. Nxe3
{[%clk 0:58:37]} Re8 {[%clk 1:05:04]} 20. Be4 {[%clk 0:56:59]} Be6 {[%clk
1:00:10]} 21. b3 {[%clk 0:53:56]} Qd7 {[%clk 0:56:04]} 22. Rd1 {[%clk 0:50:28]}
Bd5 {[%clk 0:52:05]} 23. Bxd5 {[%clk 0:49:15]} cxd5 {[%clk 0:52:01]} 24. Kg2
{[%clk 0:46:52]} b6 {[%clk 0:50:50]} 25. Qe2 {[%clk 0:44:23]} Ne6 {[%clk
0:47:17]} 26. h4 {[%clk 0:42:00]} Rc8 {[%clk 0:45:56]} 1/2-1/2

[Event "DVM U12 2017"]
[Site "Magdeburg GER"]
[Date "2017.12.27"]
[Round "2"]
[White "Huo, Da"]
[Black "Bildat, Emilia"]
[Result "1-0"]
[Termination "normal"]
[Board "1.3"]
[WhiteElo "1632"]
[BlackElo "1395"]
[WhiteClock "00:42:30"]
[BlackClock "00:39:58"]
[WhiteTeam "Hamburger SK"]
[BlackTeam "SC Turm Lüneburg"]
[PlyCount "87"]
[WhiteFideId "16221206"]
[BlackFideId "16218140"]
[EventCountry "GER"]
[EventRounds "7"]
[EventType "team-swiss"]
[EventDate "2017.12.26"]

1. e4 {[%clk 1:30:59]} e5 {[%clk 1:30:53]} 2. Nf3 {[%clk 1:31:23]} Nc6 {[%clk
1:31:19]} 3. Bc4 {[%clk 1:31:47]} Be7 {[%clk 1:31:40]} 4. O-O {[%clk 1:32:04]}
Nf6 {[%clk 1:32:05]} 5. Re1 {[%clk 1:32:04]} O-O {[%clk 1:32:20]} 6. c3 {[%clk
1:32:02]} d6 {[%clk 1:31:46]} 7. h3 {[%clk 1:30:49]} b6 {[%clk 1:29:19]} 8. d4
{[%clk 1:30:29]} exd4 {[%clk 1:29:36]} 9. cxd4 {[%clk 1:30:36]} Bb7 {[%clk
1:29:23]} 10. Nc3 {[%clk 1:30:31]} Nb8 {[%clk 1:28:49]} 11. Bf4 {[%clk
1:27:50]} c5 {[%clk 1:25:49]} 12. d5 {[%clk 1:24:41]} a6 {[%clk 1:23:15]} 13.
a4 {[%clk 1:23:30]} Nbd7 {[%clk 1:20:31]} 14. e5 {[%clk 1:20:52]} dxe5 {[%clk
1:18:34]} 15. Nxe5 {[%clk 1:19:12]} Nxe5 {[%clk 1:16:25]} 16. Bxe5 {[%clk
1:16:59]} Bd6 {[%clk 1:15:41]} 17. f4 {[%clk 1:15:40]} Re8 {[%clk 1:15:40]} 18.
g4 {[%clk 1:11:30]} h6 {[%clk 1:15:18]} 19. Qf3 {[%clk 1:08:00]} Bxe5 {[%clk
1:07:11]} 20. fxe5 {[%clk 1:06:13]} Nd7 {[%clk 1:07:08]} 21. Qf4 {[%clk
1:05:01]} Qg5 {[%clk 1:01:21]} 22. Qxg5 {[%clk 1:02:33]} hxg5 {[%clk 1:01:28]}
23. e6 {[%clk 1:00:50]} fxe6 {[%clk 1:01:34]} 24. dxe6 {[%clk 1:01:10]} Nf6
{[%clk 1:01:05]} 25. Re5 {[%clk 1:00:00]} Re7 {[%clk 0:59:31]} 26. Rd1 {[%clk
0:59:21]} Rc8 {[%clk 0:58:32]} 27. Rd7 {[%clk 0:54:58]} Rce8 {[%clk 0:58:15]}
28. Rd6 {[%clk 0:53:37]} Kh8 {[%clk 0:57:13]} 29. Rxg5 {[%clk 0:46:52]} Bc8
{[%clk 0:56:34]} 30. Re5 {[%clk 0:46:27]} Rb7 {[%clk 0:55:01]} 31. g5 {[%clk
0:45:23]} Ng8 {[%clk 0:54:29]} 32. Bxa6 {[%clk 0:44:48]} Rbe7 {[%clk 0:54:35]}
33. Bc4 {[%clk 0:44:34]} Rb7 {[%clk 0:52:10]} 34. Bb5 {[%clk 0:44:22]} Ree7
{[%clk 0:52:01]} 35. Nd5 {[%clk 0:44:35]} Kh7 {[%clk 0:47:29]} 36. Nxe7 {[%clk
0:44:34]} Rxe7 {[%clk 0:47:52]} 37. Bd3+ {[%clk 0:43:27]} Kh8 {[%clk 0:47:58]}
38. Rxb6 {[%clk 0:43:40]} Rc7 {[%clk 0:45:08]} 39. g6 {[%clk 0:42:23]} c4
{[%clk 0:42:45]} 40. Rh5+ {[%clk 0:42:01]} Nh6 {[%clk 0:43:01]} 41. Rd6 {[%clk
0:41:43]} Bxe6 {[%clk 0:40:39]} 42. Rxe6 {[%clk 0:42:03]} Rc8 {[%clk 0:40:33]}
43. Bxc4 {[%clk 0:42:14]} Rf8 {[%clk 0:39:58]} 44. Re7 {[%clk 0:42:30]} 1-0

[Event "DVM U12 2017"]
[Site "Magdeburg GER"]
[Date "2017.12.27"]
[Round "2"]
[White "Helms, Finn"]
[Black "Garner, Isaac"]
[Result "0-1"]
[Termination "normal"]
[Board "1.4"]
[WhiteElo "1419"]
[BlackElo "1703"]
[WhiteClock "00:56:45"]
[BlackClock "00:48:23"]
[WhiteTeam "SC Turm Lüneburg"]
[BlackTeam "Hamburger SK"]
[PlyCount "82"]
[WhiteFideId "16249143"]
[BlackFideId "16239261"]
[EventCountry "GER"]
[EventRounds "7"]
[EventType "team-swiss"]
[EventDate "2017.12.26"]

1. d4 {[%clk 1:30:58]} Nf6 {[%clk 1:30:51]} 2. Bf4 {[%clk 1:31:20]} d5 {[%clk
1:31:12]} 3. e3 {[%clk 1:31:41]} c5 {[%clk 1:31:34]} 4. c3 {[%clk 1:31:59]} Nc6
{[%clk 1:31:53]} 5. Nf3 {[%clk 1:32:04]} Qb6 {[%clk 1:31:13]} 6. Qc1 {[%clk
1:31:50]} Bf5 {[%clk 1:29:14]} 7. h3 {[%clk 1:31:55]} cxd4 {[%clk 1:25:18]} 8.
exd4 {[%clk 1:28:45]} Rc8 {[%clk 1:22:53]} 9. Nbd2 {[%clk 1:27:40]} Nb4 {[%clk
1:21:33]} 10. cxb4 {[%clk 1:24:44]} Rxc1+ {[%clk 1:21:08]} 11. Rxc1 {[%clk
1:25:07]} Qxb4 {[%clk 1:16:30]} 12. b3 {[%clk 1:23:22]} Bd7 {[%clk 1:14:55]}
13. Be2 {[%clk 1:23:10]} e6 {[%clk 1:14:13]} 14. O-O {[%clk 1:22:19]} Bd6
{[%clk 1:09:52]} 15. a3 {[%clk 1:16:11]} Qb6 {[%clk 1:09:12]} 16. Bxd6 {[%clk
1:14:42]} Qxd6 {[%clk 1:09:30]} 17. Bb5 {[%clk 1:14:24]} Bxb5 {[%clk 1:05:15]}
18. Rc8+ {[%clk 1:14:34]} Ke7 {[%clk 1:05:40]} 19. Rxh8 {[%clk 1:13:47]} Bxf1
{[%clk 1:05:56]} 20. Kxf1 {[%clk 1:13:55]} Qxa3 {[%clk 1:05:39]} 21. Rc8 {[%clk
1:13:51]} Qa5 {[%clk 1:01:54]} 22. Rc5 {[%clk 1:13:45]} Qb6 {[%clk 1:00:47]}
23. Ne5 {[%clk 1:12:58]} Nd7 {[%clk 0:59:44]} 24. Nxd7 {[%clk 1:12:44]} Kxd7
{[%clk 1:00:12]} 25. Ke2 {[%clk 1:11:53]} Qb4 {[%clk 0:56:06]} 26. Ke3 {[%clk
1:11:17]} f6 {[%clk 0:55:49]} 27. Rc1 {[%clk 1:10:18]} a5 {[%clk 0:54:22]} 28.
Kd3 {[%clk 1:08:33]} b5 {[%clk 0:53:17]} 29. Rb1 {[%clk 1:08:31]} e5 {[%clk
0:52:36]} 30. dxe5 {[%clk 1:04:39]} fxe5 {[%clk 0:52:54]} 31. Ke2 {[%clk
1:04:33]} Qc3 {[%clk 0:51:54]} 32. f3 {[%clk 1:03:05]} d4 {[%clk 0:48:47]} 33.
Kd1 {[%clk 1:01:18]} Qe3 {[%clk 0:47:36]} 34. g4 {[%clk 0:57:30]} d3 {[%clk
0:47:17]} 35. Kc1 {[%clk 0:54:41]} Qe1+ {[%clk 0:46:56]} 36. Kb2 {[%clk
0:55:04]} Qxd2+ {[%clk 0:47:18]} 37. Ka1 {[%clk 0:55:26]} Qc3+ {[%clk 0:47:15]}
38. Rb2 {[%clk 0:55:42]} d2 {[%clk 0:47:34]} 39. h4 {[%clk 0:56:02]} d1=Q+
{[%clk 0:47:53]} 40. Ka2 {[%clk 0:56:22]} Qdc1 {[%clk 0:48:05]} 41. h5 {[%clk
0:56:45]} Q3xb2# {[%clk 0:48:23]} 0-1

[Event "DVM U12 2017"]
[Site "Magdeburg GER"]
[Date "2017.12.27"]
[Round "2"]
[White "Duduka, Artem"]
[Black "Zeuner, Ole"]
[Result "0-1"]
[Termination "normal"]
[Board "2.1"]
[WhiteElo "1601"]
[BlackElo "1848"]
[WhiteClock "00:37:04"]
[BlackClock "00:14:47"]
[WhiteTeam "SF Nordost Berlin"]
[BlackTeam "Schachzwerge Magdeburg"]
[PlyCount "74"]
[WhiteFideId "14194805"]
[BlackFideId "12943576"]
[EventCountry "GER"]
[EventRounds "7"]
[EventType "team-swiss"]
[EventDate "2017.12.26"]

1. e4 {[%clk 1:30:32]} c5 {[%clk 1:30:49]} 2. Nf3 {[%clk 1:30:15]} Nc6 {[%clk
1:31:00]} 3. Bb5 {[%clk 1:29:57]} d6 {[%clk 1:30:39]} 4. Bxc6+ {[%clk 1:29:40]}
bxc6 {[%clk 1:31:03]} 5. O-O {[%clk 1:29:49]} Bg4 {[%clk 1:28:51]} 6. c3 {[%clk
1:29:27]} e5 {[%clk 1:28:58]} 7. h3 {[%clk 1:28:32]} Bh5 {[%clk 1:29:12]} 8.
Na3 {[%clk 1:26:15]} Nf6 {[%clk 1:26:50]} 9. Re1 {[%clk 1:26:19]} Nd7 {[%clk
1:23:52]} 10. Nc2 {[%clk 1:26:09]} Be7 {[%clk 1:17:50]} 11. d4 {[%clk 1:26:06]}
cxd4 {[%clk 1:17:58]} 12. cxd4 {[%clk 1:26:28]} O-O {[%clk 1:15:28]} 13. Be3
{[%clk 1:25:23]} f5 {[%clk 1:03:23]} 14. exf5 {[%clk 1:19:31]} e4 {[%clk
1:02:57]} 15. g4 {[%clk 1:19:54]} exf3 {[%clk 1:01:35]} 16. gxh5 {[%clk
1:20:13]} Rxf5 {[%clk 0:59:42]} 17. Nb4 {[%clk 1:19:09]} Bh4 {[%clk 0:55:28]}
18. Nd3 {[%clk 1:12:51]} Bg5 {[%clk 0:48:50]} 19. Qd2 {[%clk 1:10:17]} Qe8
{[%clk 0:38:02]} 20. Bxg5 {[%clk 1:00:15]} Qxh5 {[%clk 0:38:16]} 21. Kh2 {[%clk
1:00:14]} Rxg5 {[%clk 0:34:03]} 22. Rg1 {[%clk 1:00:02]} Rf5 {[%clk 0:33:06]}
23. Rae1 {[%clk 0:58:06]} Re8 {[%clk 0:27:47]} 24. Nf4 {[%clk 0:54:45]} Qf7
{[%clk 0:27:16]} 25. Rxe8+ {[%clk 0:54:36]} Qxe8 {[%clk 0:27:32]} 26. Re1
{[%clk 0:53:23]} Qf7 {[%clk 0:26:52]} 27. Ne6 {[%clk 0:53:19]} Qg6 {[%clk
0:25:25]} 28. Nf4 {[%clk 0:48:58]} Qg5 {[%clk 0:21:36]} 29. d5 {[%clk 0:45:43]}
c5 {[%clk 0:18:14]} 30. Re8+ {[%clk 0:41:37]} Kf7 {[%clk 0:18:35]} 31. Re4
{[%clk 0:41:33]} Nf6 {[%clk 0:16:03]} 32. h4 {[%clk 0:37:50]} Qxh4+ {[%clk
0:14:48]} 33. Nh3 {[%clk 0:37:15]} Nxe4 {[%clk 0:14:51]} 34. Qa5 {[%clk
0:36:36]} Rg5 {[%clk 0:13:44]} 35. Qc7+ {[%clk 0:36:56]} Kg6 {[%clk 0:14:06]}
36. Qc8 {[%clk 0:36:45]} Rg2+ {[%clk 0:14:21]} 37. Kh1 {[%clk 0:37:04]} Nxf2#
{[%clk 0:14:47]} 0-1

[Event "DVM U12 2017"]
[Site "Magdeburg GER"]
[Date "2017.12.27"]
[Round "2"]
[White "Morgenstern, Tobias"]
[Black "Gutewort, Paul Emil"]
[Result "1-0"]
[Termination "normal"]
[Board "2.2"]
[WhiteElo "1766"]
[BlackElo "1549"]
[WhiteClock "00:02:48"]
[BlackClock "00:50:55"]
[WhiteTeam "Schachzwerge Magdeburg"]
[BlackTeam "SF Nordost Berlin"]
[PlyCount "93"]
[WhiteFideId "12974390"]
[BlackFideId "16204182"]
[EventCountry "GER"]
[EventRounds "7"]
[EventType "team-swiss"]
[EventDate "2017.12.26"]

1. e4 {[%clk 1:30:57]} e5 {[%clk 1:30:56]} 2. Nf3 {[%clk 1:31:23]} Nc6 {[%clk
1:31:21]} 3. Bc4 {[%clk 1:31:48]} Nf6 {[%clk 1:31:42]} 4. d3 {[%clk 1:32:09]}
Bc5 {[%clk 1:32:06]} 5. c3 {[%clk 1:32:09]} d6 {[%clk 1:32:27]} 6. a4 {[%clk
1:32:18]} a6 {[%clk 1:32:52]} 7. O-O {[%clk 1:32:09]} O-O {[%clk 1:33:09]} 8.
h3 {[%clk 1:31:01]} Be6 {[%clk 1:33:15]} 9. Na3 {[%clk 1:29:15]} h6 {[%clk
1:28:53]} 10. b4 {[%clk 1:25:40]} Ba7 {[%clk 1:29:13]} 11. Ba2 {[%clk 1:25:20]}
d5 {[%clk 1:18:45]} 12. Qe2 {[%clk 1:20:40]} dxe4 {[%clk 1:16:32]} 13. dxe4
{[%clk 1:20:57]} Bxa2 {[%clk 1:16:35]} 14. Rxa2 {[%clk 1:20:59]} Qe7 {[%clk
1:16:48]} 15. Nc4 {[%clk 1:16:38]} Nd7 {[%clk 1:09:13]} 16. b5 {[%clk 1:10:25]}
Nd8 {[%clk 1:08:36]} 17. bxa6 {[%clk 1:04:54]} bxa6 {[%clk 1:08:21]} 18. Ba3
{[%clk 1:04:10]} c5 {[%clk 1:05:37]} 19. Rd2 {[%clk 0:56:30]} Nc6 {[%clk
1:04:17]} 20. Rfd1 {[%clk 0:54:49]} Rfd8 {[%clk 1:04:29]} 21. Ne3 {[%clk
0:54:32]} Nf6 {[%clk 1:00:41]} 22. Nf5 {[%clk 0:53:13]} Qe8 {[%clk 1:00:03]}
23. Nd6 {[%clk 0:48:15]} Qe7 {[%clk 0:59:51]} 24. Qxa6 {[%clk 0:47:49]} Nb8
{[%clk 0:58:36]} 25. Qc4 {[%clk 0:43:58]} Nbd7 {[%clk 0:57:42]} 26. a5 {[%clk
0:36:01]} Bb8 {[%clk 0:56:29]} 27. Bxc5 {[%clk 0:32:48]} Nxc5 {[%clk 0:56:43]}
28. Nf5 {[%clk 0:31:43]} Qc7 {[%clk 0:55:58]} 29. Rxd8+ {[%clk 0:30:31]} Kh7
{[%clk 0:56:20]} 30. Rf8 {[%clk 0:26:18]} Ra7 {[%clk 0:55:23]} 31. Rdd8 {[%clk
0:18:52]} Ne6 {[%clk 0:54:23]} 32. Rh8+ {[%clk 0:14:42]} Kg6 {[%clk 0:54:38]}
33. Qxc7 {[%clk 0:13:47]} Bxc7 {[%clk 0:54:51]} 34. Ne7+ {[%clk 0:13:41]} Kh5
{[%clk 0:55:14]} 35. g4+ {[%clk 0:13:18]} Nxg4 {[%clk 0:55:30]} 36. hxg4+
{[%clk 0:13:37]} Kxg4 {[%clk 0:55:52]} 37. Nh2+ {[%clk 0:13:30]} Kg5 {[%clk
0:55:39]} 38. Ra8 {[%clk 0:12:37]} Rb7 {[%clk 0:55:38]} 39. Nd5 {[%clk
0:12:04]} Rb1+ {[%clk 0:55:34]} 40. Kg2 {[%clk 0:12:21]} Rb2 {[%clk 0:55:05]}
41. Nf3+ {[%clk 0:10:54]} Kg4 {[%clk 0:55:12]} 42. Nh2+ {[%clk 0:10:36]} Kg5
{[%clk 0:55:02]} 43. Nxc7 {[%clk 0:08:23]} Nf4+ {[%clk 0:54:53]} 44. Kf3 {[%clk
0:05:43]} Rd2 {[%clk 0:53:12]} 45. Nf1 {[%clk 0:03:58]} Rd3+ {[%clk 0:51:02]}
46. Ne3 {[%clk 0:04:20]} Kh5 {[%clk 0:50:55]} 47. Ncd5 {[%clk 0:02:48]} 1-0